[Event "Wasselonne op"]
[Site "Wasselonne"]
[Date "2022.08.04"]
[Round "1"]
[White "Pluvinage, Thomas"]
[Black "Schlosser, Philipp"]
[Result "0-1"]
[WhiteElo "1925"]
[BlackElo "2507"]
[PlyCount "71"]
[EventDate "2022.08.04"]
[EventType "swiss"]
[EventRounds "7"]
[EventCountry "FRA"]
[SourceTitle "CBM 209 Extra"]
[Source "ChessBase"]
[SourceDate "2022.09.30"]
[SourceVersion "1"]
[SourceVersionDate "2022.09.30"]
[SourceQuality "1"]

1. d4 Nf6 2. Nf3 e6 3. g3 b5 4. a4 b4 5. Bg2 d5 6. c4 bxc3 7. Nxc3 Be7 8. 0-0 0-0 9. Bf4 c6 10. a5 Na6 11. Ne5 Bb7 12. Qb3 Qc8 13. Rfc1 Nd7 14. Nd3 g5 15. Bd2 Rb8 16. f4 c5 17. Qd1 Qd8 18. dxc5 Naxc5 19. fxg5 Nxd3 20. exd3 Ba6 21. Ne2 Bxg5 22. Bc3 Be3+ 23. Kh1 Qg5 24. Rc2 Rfc8 25. Nf4 d4 26. Bd2 Rxc2 27. Qxc2 Bxd2 28. Qxd2 e5 29. h4 Qxg3 30. Nh3 f6 31. Rg1 Kh8 32. Qh6 Rxb2 33. Qc1 Rxg2 34. Rxg2 Qxh3+ 35. Kg1 Bb7 36. Qd1 0-1

[Event "FRA-ch Juniors op"]
[Site "Aix les Bains"]
[Date "2009.04.20"]
[Round "3"]
[White "Hug, Timothee"]
[Black "Pluvinage, Thomas"]
[Result "1/2-1/2"]
[WhiteElo "1621"]
[BlackElo "1770"]
[PlyCount "67"]
[EventDate "2009.04.19"]
[EventType "swiss"]
[EventRounds "9"]
[EventCountry "FRA"]
[SourceTitle "CBM 130 Extra"]
[Source "ChessBase"]
[SourceDate "2009.07.02"]
[SourceVersion "2"]
[SourceVersionDate "2009.07.15"]
[SourceQuality "1"]

1. e4 c5 2. Nf3 d6 3. d4 cxd4 4. Nxd4 Nf6 5. Nc3 a6 6. Be3 e6 7. Bd3 b5 8. Qf3 Bb7 9. Bg5 Be7 10. Qe2 Qc7 11. a3 Nbd7 12. Rd1 Nc5 13. f4 h6 14. Bxf6 Bxf6 15. Qf2 Nxd3+ 16. Rxd3 Qc5 17. 0-0 e5 18. fxe5 dxe5 19. Nf5 Qxf2+ 20. Rxf2 0-0 21. Nxh6+ gxh6 22. Rxf6 Kg7 23. Rf5 f6 24. Rd6 Rac8 25. Rb6 Rf7 26. Kf2 Rc6 27. Rxc6 Bxc6 28. Ke3 Rd7 29. Rf2 Kg6 30. g4 Rd4 31. h4 a5 32. g5 fxg5 33. hxg5 hxg5 34. Rf5 1/2-1/2

[Event "FRA-ch Juniors op"]
[Site "Aix les Bains"]
[Date "2009.04.19"]
[Round "1"]
[White "Sadoune, Emilie"]
[Black "Pluvinage, Thomas"]
[Result "0-1"]
[WhiteElo "1440"]
[BlackElo "1770"]
[PlyCount "88"]
[EventDate "2009.04.19"]
[EventType "swiss"]
[EventRounds "9"]
[EventCountry "FRA"]
[SourceTitle "CBM 130 Extra"]
[Source "ChessBase"]
[SourceDate "2009.07.02"]
[SourceVersion "2"]
[SourceVersionDate "2009.07.15"]
[SourceQuality "1"]

1. e4 c5 2. c3 d5 3. exd5 Qxd5 4. d4 Nf6 5. Nf3 Bg4 6. Be2 cxd4 7. cxd4 Nc6 8. Nc3 Qd6 9. Be3 e6 10. 0-0 Be7 11. h3 Bh5 12. Nb5 Qd7 13. Bf4 Nd5 14. Bh2 a6 15. Nc3 0-0 16. Ne5 Nxe5 17. Bxe5 Bxe2 18. Qxe2 Bf6 19. Rfe1 Bxe5 20. Qxe5 Nf6 21. Re3 Rad8 22. Rg3 Qxd4 23. Qg5 Nd5 24. Rd1 h6 25. Rxd4 hxg5 26. Rxg5 Nxc3 27. bxc3 Rxd4 28. cxd4 Rc8 29. Ra5 Rc1+ 30. Kh2 Rc2 31. Kg3 Kf8 32. Kf3 Ke7 33. Ke3 Kd6 34. g4 Rc3+ 35. Ke4 Rxh3 36. d5 e5 37. f4 exf4 38. Kxf4 Rc3 39. g5 f6 40. Kf5 fxg5 41. a4 g4 42. Kxg4 Rc5 43. Rxc5 Kxc5 44. Kg5 Kxd5 0-1